| 000 | 00518cam a2200169 a 4500 | ||
|---|---|---|---|
| 999 |
_c7950 _d7950 |
||
| 020 | _a0566022613 : | ||
| 050 | 0 | 0 |
_aHD4926 _b.H35 |
| 245 | 0 | 0 |
_aHandbook of salary and wage systems / _ceditor, Angela M. Bowey ; advisory editor, Tom Lupton. |
| 250 | _a2nd ed. | ||
| 260 |
_aAldershot, Hants, England : _bGower Pub. Co., _c1982. |
||
| 300 |
_axxiv, 446 p. : _bill. ; _c24 cm. |
||
| 650 | 0 | _aWage payment systems. | |
| 650 | 0 | _aCompensation management. | |
| 700 | 1 | _aBowey, Angela. | |
| 700 | 1 | _aLupton, Tom. | |
| 942 | _cBK | ||